000 01491nam a2200289Ia 4500
999 _c53802
_d53802
001 20853
003 GE_BSU
005 20210513170714.0
008 181216s2009||||ge |||||||||||||| ||geo||
020 _a9789941131028
040 _cGE_BSU
041 _ageo
080 _a28(075.8) გ-30
100 _aგელოვანი, ნანი
_92344
245 _aისლამი = Islam : (რელიგია, ისტორია, ცივილიზაცია) :
_bსახელმძღვ. /
_cნანი გელოვანი, გიორგი სანიკიძე ; რედ. გოჩა ჯაფარიძე.
264 _aთბილისი :
_bუნ-ტის გამ-ბა,
_c2009.
300 _a440 გვ. :
_b2 ჩართ. ფ. რუკ. ;
_c24 სმ.
504 _aბიბლიოგრ. ტექსტ. შენიშვნ. 432-433, 436-437
541 _h26ლ.
546 _aპარალელური თავფურცელი ინგლისურ ენაზე
653 _aისლამი
653 _aისლამი - სახელმძღვანელოები უმაღლესი სასწავლებლებისათვის.
653 _aრელიგია
700 _aსანიკიძე, გიორგი
_eავტორი
_93936
700 _aჯაფარიძე, გოჩა
_eრედაქტორი
_93097
942 _cBK
_2udc